| 000 | 01116nam a22003135a 4500 | ||
|---|---|---|---|
| 003 | EG-ScBUE | ||
| 005 | 20220607123507.0 | ||
| 008 | 150818r20011998enka f 000 0 eng d | ||
| 020 | _a0194358003 (set) | ||
| 020 | _a9780194358002 | ||
| 040 |
_aEG-ScBUE _beng _erda _cEG-ScBUE _dEG-ScBUE |
||
| 082 | 0 | 4 |
_a428.24 _bSOA _222 |
| 100 | 1 |
_aSoars, Liz, _d1945- _eauthor. _934639 |
|
| 245 | 1 | 0 |
_aNew headway English course : _bupper-Intermediate, _pStudent's book / _cLiz and John Soars. |
| 246 | 3 | 0 | _aStudent's book |
| 250 | _aFifteenth impression. | ||
| 264 | 1 |
_aOxford ; _aNew York : _bOxford University Press, _c2001. |
|
| 300 |
_a159 pages : _billustrations (some color) ; _c28 cm |
||
| 336 |
_2rdacontent _atext _btxt |
||
| 337 |
_2rdamedia _aunmediated _bn |
||
| 338 |
_2rdacarrier _avolume _bnc |
||
| 650 | 7 |
_aEnglish language _vTextbooks for foreign speakers. _2BUEsh |
|
| 650 | 7 |
_aEnglish language _xGrammar _vProblems, exercises, etc. _2BUEsh |
|
| 651 | _2BUEsh | ||
| 653 |
_bHHUUEENN _cAugust2015 _cNovember2018 |
||
| 655 |
_vReading book _934232 |
||
| 700 | 1 |
_aSoars, John, _d1951- _eauthor. _92160 |
|
| 942 |
_2ddc _cBB |
||
| 999 |
_c1456 _d1456 |
||